| Tag |
First Indicator |
Second Indicator |
Subfields |
| LEADER |
00000cam a2200000Ma 4500 |
| 001 |
in00003438021 |
| 005 |
20151206101051.0 |
| 008 |
131024s2014 caua 001 0 eng d |
| 020 |
|
|
|a 9781446282038 (hbk.)
|
| 020 |
|
|
|a 1446282031 (hbk.)
|
| 020 |
|
|
|a 144628204X (pbk.)
|
| 020 |
|
|
|a 9781446282045 (pbk.)
|
| 035 |
|
|
|a (OCoLC)ocn863173106
|
| 040 |
|
|
|a UKM
|c UKM
|d YDX
|d CDX
|d BWK
|d UtOrBLW
|
| 049 |
|
|
|a TXAM
|
| 050 |
|
4 |
|a Q180.55.E4
|b F75 2014
|
| 082 |
0 |
|
|a 001.42028553
|2 23
|
| 100 |
1 |
|
|a Friese, Susanne,
|e author.
|
| 245 |
1 |
0 |
|a Qualitative data analysis with ATLAS.ti /
|c Susanne Friese.
|
| 250 |
|
|
|a Second edition.
|
| 264 |
|
1 |
|a Los Angeles :
|b SAGE Publications,
|c 2014.
|
| 300 |
|
|
|a xvi, 279 pages :
|b illustrations ;
|c 25 cm.
|
| 336 |
|
|
|a text
|b txt
|2 rdacontent
|
| 336 |
|
|
|a still image
|b sti
|2 rdacontent
|
| 337 |
|
|
|a unmediated
|b n
|2 rdamedia
|
| 338 |
|
|
|a volume
|b nc
|2 rdacarrier
|
| 500 |
|
|
|a Previous edition: 2012.
|
| 504 |
|
|
|a Includes bibliographical references (pages [270]-274) and index.
|
| 630 |
0 |
0 |
|a ATLAS.ti (Computer file)
|
| 650 |
|
0 |
|a Qualitative research
|x Data processing.
|
| 945 |
|
|
|a PromptCat
|b 767567
|
| 946 |
|
|
|a stk
|
| 947 |
|
|
|a A14840693214
|
| 948 |
|
|
|a cataloged
|b h
|c 2014/6/4
|d c
|e dmitchel
|f 12:12:12 pm
|
| 994 |
|
|
|a 92
|b TXA
|
| 999 |
|
|
|a MARS
|
| 999 |
f |
f |
|s 645dcf39-0d08-3d75-bcd9-5ed51420e08a
|i 01b8c581-2f90-327d-b8b9-2caa8c5192bc
|t 0
|
| 952 |
f |
f |
|p normal
|a Texas A&M University
|b College Station
|c Sterling C. Evans Library
|d Evans: Library Stacks
|t 0
|e Q180.55.E4 F75 2014
|h Library of Congress classification
|i unmediated -- volume
|m A14840693214
|
| 998 |
f |
f |
|a Q180.55.E4 F75 2014
|t 0
|l Evans: Library Stacks
|